<?xml version="1.0" encoding="UTF-8"?>
<marc:record xmlns:marc="http://www.loc.gov/MARC21/slim">
   <marc:leader>00000nam a2200000 a 4500</marc:leader>
   <marc:datafield ind1="1" ind2=" " tag="100">
      <marc:subfield code="a">Sweeney, Ashley E.</marc:subfield>
      <marc:subfield code="4">aut</marc:subfield>
      <marc:subfield code="e">Verfasser/-in</marc:subfield>
   </marc:datafield>
   <marc:datafield ind1="1" ind2=" " tag="100">
      <marc:subfield code="a">EK-2 Militär, EK-2</marc:subfield>
      <marc:subfield code="4">edt</marc:subfield>
      <marc:subfield code="e">Bearbeiter/-in</marc:subfield>
   </marc:datafield>
   <marc:datafield ind1=" " ind2=" " tag="653">
      <marc:subfield code="a">Softcover / Belletristik/Historische Romane</marc:subfield>
   </marc:datafield>
   <marc:datafield ind1=" " ind2=" " tag="653">
      <marc:subfield code="a">Erzählungen</marc:subfield>
   </marc:datafield>
   <marc:datafield ind1=" " ind2=" " tag="653">
      <marc:subfield code="a">historische romane</marc:subfield>
   </marc:datafield>
   <marc:datafield ind1=" " ind2=" " tag="653">
      <marc:subfield code="a">usa</marc:subfield>
   </marc:datafield>
   <marc:datafield ind1=" " ind2=" " tag="653">
      <marc:subfield code="a">starke frauen</marc:subfield>
   </marc:datafield>
   <marc:datafield ind1=" " ind2=" " tag="653">
      <marc:subfield code="a">migration</marc:subfield>
   </marc:datafield>
   <marc:datafield ind1=" " ind2=" " tag="653">
      <marc:subfield code="a">irland</marc:subfield>
   </marc:datafield>
   <marc:datafield ind1=" " ind2=" " tag="653">
      <marc:subfield code="a">historischer roman</marc:subfield>
   </marc:datafield>
   <marc:datafield ind1=" " ind2=" " tag="653">
      <marc:subfield code="a">Historische Romane und Erzählungen</marc:subfield>
   </marc:datafield>
   <marc:datafield ind1="0" ind2="0" tag="245">
      <marc:subfield code="a">Das irische Mädchen – Von Irland nach Amerika</marc:subfield>
   </marc:datafield>
   <marc:datafield ind1="0" ind2="0" tag="245">
      <marc:subfield code="b">Ein historischer Roman</marc:subfield>
   </marc:datafield>
   <marc:datafield ind1="0" ind2="0" tag="245">
      <marc:subfield code="c">Ashley E. Sweeney</marc:subfield>
   </marc:datafield>
   <marc:datafield ind1=" " ind2="1" tag="264">
      <marc:subfield code="a">Duisburg</marc:subfield>
      <marc:subfield code="b">EK-2 Publishing</marc:subfield>
      <marc:subfield code="c">2025</marc:subfield>
   </marc:datafield>
   <marc:datafield ind1=" " ind2=" " tag="250">
      <marc:subfield code="a">1. Auflage</marc:subfield>
   </marc:datafield>
   <marc:datafield ind1="1" ind2=" " tag="520">
      <marc:subfield code="a">Ein Mädchen gegen die Welt – und der lange Weg in die Freiheit.

Irland, 1886: Armut, Hunger und britische Willkür treiben Tausende zur Flucht. Auch die dreizehnjährige Mary Agnes Coyne hat keine Wahl – des Inzests bezichtigt und verstoßen, reist sie allein über den Atlantik in das Land der unbegrenzten Möglichkeiten.

In den Mietskasernen New Yorks und den rauen Straßen Chicagos schlägt ihr Verachtung entgegen: für ihre Armut, für ihre irische Herkunft. Doch Mary Agnes hält an ihren Wurzeln fest, wächst an jeder Herausforderung und kämpft sich unbeirrt weiter gen Westen – bis nach Colorado, wo das Schicksal aus einem verängstigten Mädchen eine unbeugsame Frau formt. Ihr Weg ist gefährlich, doch ihre Hoffnung größer. Wird sie am Ende ein Zuhause in der neuen Welt aufbauen können?

Ashley E. Sweeney, mehrfach preisgekrönte Autorin historischer Romane, erzählt eine berührende Familiensaga nach wahren Begebenheiten – über Mut, Würde und die Kraft, neu anzufangen.

Tauchen Sie ein in eine wahre Geschichte von Mut und Neubeginn. Sichern Sie sich das Buch jetzt und lassen Sie sich mitreißen.
</marc:subfield>
   </marc:datafield>
   <marc:datafield ind1=" " ind2=" " tag="020">
      <marc:subfield code="a">9783964036780</marc:subfield>
      <marc:subfield code="9">9783964036780</marc:subfield>
   </marc:datafield>
   <marc:datafield ind1=" " ind2=" " tag="020">
      <marc:subfield code="a">3964036781</marc:subfield>
      <marc:subfield code="9">3964036781</marc:subfield>
   </marc:datafield>
   <marc:datafield ind1=" " ind2=" " tag="041">
      <marc:subfield code="a">ger</marc:subfield>
   </marc:datafield>
   <marc:datafield ind1=" " ind2=" " tag="300">
      <marc:subfield code="a">241 Seiten</marc:subfield>
   </marc:datafield>
</marc:record>
